000 00358nam a2200133Ia 4500
008 151001s9999||||xx |||||||||||||| ||und||
100 _aसुर्यकांत नागर
245 _aवात्सल्य
250 _a1
260 _bमधुश्री प्रकाशन
260 _c2009
300 _a88
365 _b21
999 _c996062
_d996059